| 000 | 00577nam a2200193Ia 4500 | ||
|---|---|---|---|
| 003 | GCL | ||
| 008 | 140319s9999 xx 000 0 ara d | ||
| 040 |
_aGCL / _cGCL |
||
| 082 | 0 | 4 |
_a153 _bب ا |
| 100 | 1 | _aبين. ر. و. | |
| 245 | 1 | 0 |
_aالاضطرابات المعرفية / _cبين. ر. و. |
| 700 | 1 | _aمحمد نجيب الصبوة | |
| 260 |
_a[S.N] : _bجامعة القاهرة - كلية الاداب ، _c1993 |
||
| 300 | _a211 ص | ||
| 490 | _a | ||
| 650 | 0 | 4 | _aعلم النفس العلاجى |
| 650 | 0 | 4 | _aاختبارات الذكاء |
| 942 |
_2ddc _cBK |
||
| 999 |
_c33045 _d33045 |
||